Oración inaugural pronunciada en la solemne apertura del curso de 1877 a 1878 y Memoria-Anuario que se publican con arreglo a la instrucción 47 de las aprobadas por Real Orden de 15 de Agosto de 1877. (Record no. 166786)

MARC details
000 -LEADER
campo de control de longitud fija 01024nam a22002295i 4500
001 - NÚMERO DE CONTROL
campo de control 166786
003 - IDENTIFICADOR DE NÚMERO DE CONTROL
campo de control ES-MaACL
005 - FECHA Y HORA DE LA ÚLTIMA TRANSACCIÓN
campo de control 20240203062552.0
008 - DATOS DE LONGITUD FIJA--INFORMACIÓN GENERAL
campo de control de longitud fija 981002s1878 sp |||| | spa d
040 ## - FUENTE DE CATALOGACIÓN
Centro catalogador/agencia de origen CLM
Lengua de catalogación spa
Centro/agencia transcriptor CCPB | 3D
110 2# - ENTRADA PRINCIPAL--NOMBRE DE ENTIDAD CORPORATIVA
Nombre de entidad corporativa o nombre de jurisdicción como elemento de entrada Universidad Central (Madrid)
9 (RLIN) 7084
245 10 - MENCIÓN DEL TÍTULO
Título Oración inaugural pronunciada en la solemne apertura del curso de 1877 a 1878 y Memoria-Anuario que se publican con arreglo a la instrucción 47 de las aprobadas por Real Orden de 15 de Agosto de 1877.
260 ## - PUBLICACIÓN, DISTRIBUCIÓN, ETC.
Lugar de publicación, distribución, etc. Madrid :
Nombre del editor, distribuidor, etc. [s.n.],
Fecha de publicación, distribución, etc. 1878 (
Fabricante Imprenta de José M. Ducazcal)
300 ## - DESCRIPCIÓN FÍSICA
Extensión 193 p. ;
Dimensiones 31 cm.
500 ## - NOTA GENERAL
Nota general La oración inaugural es de Rafael Saez Palacios.
594 ## - Nota al título y mención de responsabilidad
Nota al título y mención de responsabilidad Precede al tít.: Universidad Central.
610 24 - PUNTO DE ACCESO ADICIONAL DE MATERIA--NOMBRE DE ENTIDAD CORPORATIVA
Nombre de entidad corporativa o nombre de jurisdicción como elemento de entrada Universidad Central (Madrid)-
Subdivisión de forma Memorias.
9 (RLIN) 141782
700 1# - ENTRADA AGREGADA--NOMBRE PERSONAL
Nombre de persona Sáez y Palacios, Rafael.
9 (RLIN) 132998
710 2# - ENTRADA AGREGADA--NOMBRE DE ENTIDAD CORPORATIVA
Nombre de entidad corporativa o nombre de jurisdicción como elemento de entrada Universidad Central (Madrid)
9 (RLIN) 7084
852 ## - LOCALIZACIÓN
Ubicación ES-MaACL
Número de control de estantería T-298-F-2
Nota libre -- Enc. hol., falto de la cub. original
-- -- Enc. en un vol. facticio
Holdings
Estatus retirado Estado de pérdida Estado de daño No para préstamo Colección Biblioteca de origen Biblioteca actual Ubicación en estantería Fecha de adquisición Total de préstamos Signatura topográfica completa Código de barras Visto por última vez Precio de reemplazo Tipo de ítem Koha
        Colección de folletos Biblioteca del Ateneo de Madrid Biblioteca del Ateneo de Madrid Depósito folletos 17/01/2008   T-298-F-2 1174927 23/02/2023 23/02/2023 Folleto